000 00232nam a22001097a 4500
999 _c67137
_d67134
082 _aSON
100 _aM.I.Soni
245 _aA Course In Electrical Power
260 _aDelhi
_bDanpat Rai & Sons
_c1979
300 _a272p
942 _cBK